Tabla de contenidos: volumen 42, número 3, 2019
Shranjeno v:
| Format: | Knjiga |
|---|---|
| Jezik: | Spanish |
| Oznake: |
Označite
Brez oznak, prvi označite!
|
MARC
| LEADER | 00000nam a22000007a 4500 | ||
|---|---|---|---|
| 003 | cru IIS | ||
| 005 | 20220512150703.0 | ||
| 007 | ta | ||
| 008 | 220512s2019 dr |||p|r|||| 00| spa d | ||
| 040 | |c cru IIS | ||
| 245 | |a Tabla de contenidos: |b volumen 42, número 3, 2019 | ||
| 505 | |a Contenido: 1.Editorial /Jorge Ulloa Hung. -- 2.El edublog en el contexto educativo universitario / Carlos Enrique Cabrera. -- 3.Las neuronas espejo en el neuromarketing: una estrategia peligrosa cuando no se aplican normas éticas / Manuel Madé-Zabala. -- 4.«Sácale los pies al mosquito»: resultados parciales de la implementación de un programa educativo en República Dominicana / Yohan Enmanuel Vásquez Bautista, Yisel Hernández Barrios, María Altagracia Rodríguez Sosa, Elizabeth del Carmen Rosario, Jesús Confesor Durán Tiburcio, Pedro María Alarcón-Elbal. -- 5.Estrategias de intervención para disminuir la violencia y la delincuencia: avances y desafíos en República Dominicana / Magnolia Ortiz Rodríguez. -- 6.La matanza de haitianos en 1937 en República Dominicana. Perspectiva trans-textual y trans-discursiva /Manuel Matos Moquete. -- 8.Lazos caribeños en Holguín, Cuba /Roberto Valcárcel Rojas, Lourdes del Rosario Pérez Iglesias, Elena Guarch Rodríguez | ||
| 773 | 0 | |0 19477 |9 7106 |a Instituto Tecnológico de Santo Domingo, INTEC (República Dominicana) |d Santo Domingo, República Dominicana: Instituto Tecnológico de Santo Domingo, 1975- |o 22555 |t Ciencia y Sociedad / |x 03787680 | |
| 942 | |2 ddc |c PP | ||
| 999 | |c 44240 |d 44240 | ||
